000 00874nam a2200265Ia 4500
003 OSt
005 20220925195224.0
006 a|||||r|||| 00| 0
007 ta
008 220923b |||||||| |||| 00| 0 eng d
020 _a9781847208224
_c3735.1799999999998
037 _b244, 16/03/2009, PIONEER BOOK DISTRIBUTORS
_cGeneral Book
040 _aRTL
_cRTL
_beng
041 _2eng
_aeng
082 _aX: 54, P8
100 _aThirlwall A P
_9124678
245 0 _aTrade liberalisation and the poverty of nations.
260 _aCheltenham
_bEdward Elgar
_c2008
300 _axv, 248p.
_ccm.
500 _aBibliography: P 211-238
650 _aEconomics
700 _a Pacheco-Lopez Penelope
_9253862
942 _hX: 54, P8
_cGB
_2CC
999 _c532269
_d532269